[Event "Torquay Morning Boniface op"]
[Site "Torquay"]
[Date "2019.09.06"]
[Round "5"]
[White "Burton, Ronnie"]
[Black "Foley, Phil T"]
[Result "1/2-1/2"]
[WhiteElo "1915"]
[BlackElo "1736"]
[PlyCount "29"]
[EventDate "2019.09.02"]
[EventType "swiss"]
[EventRounds "5"]
[EventCountry "ENG"]
[SourceTitle "CBM 195 Extra"]
[Source "ChessBase"]
[SourceDate "2020.05.31"]
[SourceVersion "1"]
[SourceVersionDate "2020.05.31"]
[SourceQuality "1"]

1. c4 Nf6 2. Nc3 d5 3. cxd5 Nxd5 4. g3 g6 5. Bg2 Nxc3 6. bxc3 Bg7 7. d4 0-0 8. Nf3 c5 9. 0-0 Nc6 10. e3 Bg4 11. h3 Bf5 12. Nh4 Bd7 13. Ba3 c4 14. Rb1 Rb8 15. Kh2 1/2-1/2

[Event "Guernsey op 43rd"]
[Site "Vale"]
[Date "2017.10.20"]
[Round "6"]
[White "Van der Giessen, Ada Leona"]
[Black "Burton, Ronnie"]
[Result "0-1"]
[WhiteElo "1821"]
[BlackElo "1911"]
[PlyCount "42"]
[EventDate "2017.10.15"]
[EventType "swiss"]
[EventRounds "7"]
[EventCountry "GCI"]
[SourceTitle "CBM 181 Extra"]
[Source "ChessBase"]
[SourceDate "2017.12.12"]
[SourceVersion "1"]
[SourceVersionDate "2017.12.12"]
[SourceQuality "1"]

1. e4 d5 2. exd5 Nf6 3. d4 Bg4 4. Be2 Bxe2 5. Nxe2 Qxd5 6. 0-0 e6 7. Nbc3 Qh5 8. Ng3 Qxd1 9. Rxd1 Nc6 10. Nce4 Be7 11. c3 0-0 12. Nxf6+ Bxf6 13. Ne4 Be7 14. Bf4 Rac8 15. b4 Rfd8 16. a3 h6 17. Bg3 b6 18. f3 f5 19. Nd2 Bf6 20. b5 Nxd4 21. Kf1 Nxb5 0-1

[Event "Guernsey op"]
[Site "Guernsey"]
[Date "2013.10.25"]
[Round "6"]
[White "Burton, Ronnie"]
[Black "Brookfield, Toby"]
[Result "1-0"]
[WhiteElo "1993"]
[BlackElo "1892"]
[PlyCount "61"]
[EventDate "2013.10.20"]
[EventType "swiss"]
[EventRounds "7"]
[EventCountry "GCI"]
[SourceTitle "CBM 157 Extra"]
[Source "ChessBase"]
[SourceDate "2013.12.19"]
[SourceVersion "1"]
[SourceVersionDate "2013.12.19"]
[SourceQuality "1"]

1. e4 c5 2. d3 d6 3. f4 Nc6 4. Nf3 g6 5. Be2 Bg7 6. 0-0 e6 7. Kh1 Nge7 8. c3 0-0 9. Be3 b6 10. d4 cxd4 11. cxd4 d5 12. e5 Nf5 13. Bf2 Bb7 14. Nc3 Rc8 15. g4 Nfe7 16. Nb5 Ba8 17. Bg3 Nb4 18. Qb3 Nbc6 19. Rac1 Na5 20. Qd3 Nc4 21. b3 a6 22. Nc3 Nc6 23. bxc4 dxc4 24. Qe3 Nxd4 25. Rfd1 Nxe2 26. Rxd8 Rfxd8 27. Qxe2 Rd3 28. Ne4 Bf8 29. Kg2 b5 30. Nf6+ Kh8 31. Qxd3 1-0

[Event "BCF-ch 5-day op AM Week 2"]
[Site "Torquay"]
[Date "2013.08.09"]
[Round "5"]
[White "Burton, Ronnie"]
[Black "Blake, J Morgan"]
[Result "1-0"]
[WhiteElo "1997"]
[BlackElo "1675"]
[PlyCount "88"]
[EventDate "2013.08.05"]
[EventType "swiss"]
[EventRounds "5"]
[EventCountry "ENG"]
[SourceTitle "EXT 2023"]
[Source "ChessBase"]
[SourceDate "2022.10.05"]
[SourceVersion "1"]
[SourceVersionDate "2022.10.05"]
[SourceQuality "1"]

1. d4 Nf6 2. Nf3 g6 3. b4 Bg7 4. Bb2 d5 5. Nbd2 a5 6. b5 a4 7. e3 0-0 8. c4 c6 9. c5 b6 10. Rc1 bxc5 11. Rxc5 Nfd7 12. Rc2 cxb5 13. Bxb5 Qb6 14. Qe2 Ra5 15. Bd3 Nc6 16. Bc3 Ra7 17. 0-0 Ba6 18. Rb1 Bxd3 19. Qxd3 Qa6 20. Qb5 Rb8 21. Qxa6 Rxb1+ 22. Nxb1 Rxa6 23. Kf1 Rb6 24. Nbd2 e6 25. Ne1 Bf8 26. Nd3 Ba3 27. Ke2 Kf8 28. f3 Ke7 29. e4 Bd6 30. g3 Bb8 31. Bb2 f6 32. Ba3+ Bd6 33. Bxd6+ Kxd6 34. Ke3 Rb5 35. f4 Nb6 36. e5+ fxe5 37. fxe5+ Kd7 38. Nc5+ Ke7 39. Nd3 Kd7 40. Nf4 Ke7 41. Nd3 Nb4 42. Rb2 Nc4+ 43. Nxc4 dxc4 44. Rxb4 Ra5 1-0

[Event "BCF-ch 5-day op AM Week 2"]
[Site "Torquay"]
[Date "2013.08.06"]
[Round "2"]
[White "Schmerwitz, Reinhard"]
[Black "Burton, Ronnie"]
[Result "1/2-1/2"]
[WhiteElo "1864"]
[BlackElo "1997"]
[PlyCount "74"]
[EventDate "2013.08.05"]
[EventType "swiss"]
[EventRounds "5"]
[EventCountry "ENG"]
[SourceTitle "EXT 2023"]
[Source "ChessBase"]
[SourceDate "2022.10.05"]
[SourceVersion "1"]
[SourceVersionDate "2022.10.05"]
[SourceQuality "1"]

1. e4 c5 2. Nf3 Nc6 3. d4 cxd4 4. Nxd4 Nf6 5. Nc3 e6 6. Ndb5 Bb4 7. a3 Bxc3+ 8. Nxc3 d5 9. exd5 exd5 10. Be2 d4 11. Nb1 0-0 12. 0-0 h6 13. Nd2 Bf5 14. Nf3 Qd5 15. h3 Be4 16. Bf4 Qf5 17. Bh2 Bxc2 18. Qd2 d3 19. Bd1 Rad8 20. Rc1 Bxd1 21. Rcxd1 Rfe8 22. Rfe1 Rxe1+ 23. Rxe1 Qd5 24. Ne5 Ne4 25. Qf4 d2 26. Rd1 Nd4 27. Qe3 Nc2 28. Qe2 Ne1 29. f3 Qd4+ 30. Kf1 Nf6 31. Nc4 Re8 32. Rxd2 Qh4 33. Ne3 Nxg2 34. Kxg2 Qg5+ 35. Kf2 Qh4+ 36. Kg2 Qg5+ 37. Kf2 Qh4+ 1/2-1/2

[Event "BCF-ch 5-day op AM Week 2"]
[Site "Torquay"]
[Date "2013.08.05"]
[Round "1"]
[White "Burton, Ronnie"]
[Black "Pyper, Ramsay"]
[Result "1/2-1/2"]
[WhiteElo "1997"]
[BlackElo "1786"]
[PlyCount "47"]
[EventDate "2013.08.05"]
[EventType "swiss"]
[EventRounds "5"]
[EventCountry "ENG"]
[SourceTitle "EXT 2023"]
[Source "ChessBase"]
[SourceDate "2022.10.05"]
[SourceVersion "1"]
[SourceVersionDate "2022.10.05"]
[SourceQuality "1"]

1. d4 d5 2. Nf3 Nf6 3. e3 e6 4. Bd3 Be7 5. Nbd2 Nbd7 6. b3 0-0 7. Bb2 c5 8. 0-0 b6 9. Ne5 Bb7 10. Qe2 cxd4 11. exd4 Nxe5 12. dxe5 Nd7 13. c4 Nc5 14. Bc2 dxc4 15. Nxc4 Qd5 16. f3 Rfd8 17. Rfd1 Qc6 18. Rxd8+ Rxd8 19. Rd1 Rxd1+ 20. Qxd1 b5 21. Nd6 Bxd6 22. exd6 Bc8 23. b4 Nb7 24. Qd4 1/2-1/2

[Event "Guernsey op 38th"]
[Site "Guernsey"]
[Date "2012.10.22"]
[Round "2"]
[White "Taylor, Robert Graham"]
[Black "Burton, Ronnie"]
[Result "1/2-1/2"]
[WhiteElo "1920"]
[BlackElo "2013"]
[PlyCount "38"]
[EventDate "2012.10.21"]
[EventType "swiss"]
[EventRounds "7"]
[EventCountry "GCI"]
[SourceTitle "EXT 2013"]
[Source "ChessBase"]
[SourceDate "2012.11.22"]
[SourceVersion "1"]
[SourceVersionDate "2012.11.22"]
[SourceQuality "1"]

1. d4 g6 2. c4 Bg7 3. Nc3 d6 4. f4 Nf6 5. e4 0-0 6. Nf3 c5 7. d5 e6 8. Be2 exd5 9. cxd5 Na6 10. 0-0 Nc7 11. Nd2 a6 12. a4 b6 13. Nc4 b5 14. axb5 axb5 15. Rxa8 Nxa8 16. Nxb5 Nxe4 17. Bf3 Ba6 18. Bxe4 Bxb5 19. Qc2 Nb6 1/2-1/2

[Event "Guernsey op 37th"]
[Site "Guernsey"]
[Date "2011.10.20"]
[Round "5"]
[White "Burton, Ronnie"]
[Black "Purdon, Colin"]
[Result "0-1"]
[WhiteElo "2024"]
[BlackElo "2075"]
[PlyCount "106"]
[EventDate "2011.10.16"]
[EventType "swiss"]
[EventRounds "7"]
[EventCountry "GCI"]
[SourceTitle "EXT 2012"]
[Source "ChessBase"]
[SourceDate "2011.11.24"]
[SourceVersion "1"]
[SourceVersionDate "2011.11.24"]
[SourceQuality "1"]

1. d4 d5 2. c4 dxc4 3. e3 Nf6 4. Bxc4 e6 5. Nc3 a6 6. Nf3 c5 7. 0-0 b5 8. Bd3 Nbd7 9. Qe2 Be7 10. Rd1 0-0 11. dxc5 Bxc5 12. Ne4 Qe7 13. a3 Bb7 14. Nxf6+ Nxf6 15. e4 h6 16. h3 Rfd8 17. Bf4 Bb6 18. Rac1 Rac8 19. Rxc8 Rxc8 20. Bb1 Rd8 21. Re1 Nh5 22. Bh2 g6 23. g4 Nf6 24. Be5 Nd7 25. Bc3 e5 26. Rd1 f6 27. Ba2+ Kg7 28. Bd5 Bxd5 29. Rxd5 Nc5 30. Rd2 Rxd2 31. Nxd2 Qd6 32. Kg2 Nd3 33. Kh2 Nxf2 34. Kg2 Qd3 35. Qxd3 Nxd3 36. Nb3 Kf7 37. Kf3 Ke6 38. h4 Nc5 39. Nxc5+ Bxc5 40. Bd2 h5 41. Ba5 hxg4+ 42. Kxg4 Be3 43. b3 f5+ 44. exf5+ gxf5+ 45. Kf3 Bc1 46. a4 bxa4 47. bxa4 e4+ 48. Ke2 f4 49. Bc7 Kf5 50. Kf2 Kg4 51. Bd8 f3 52. Be7 e3+ 53. Kf1 Bd2 0-1

[Event "Guernsey op 37th"]
[Site "Guernsey"]
[Date "2011.10.16"]
[Round "1"]
[White "Burton, Ronnie"]
[Black "Vonhoff, Nils"]
[Result "1/2-1/2"]
[WhiteElo "2024"]
[BlackElo "1751"]
[PlyCount "46"]
[EventDate "2011.10.16"]
[EventType "swiss"]
[EventRounds "7"]
[EventCountry "GCI"]
[SourceTitle "EXT 2012"]
[Source "ChessBase"]
[SourceDate "2011.11.24"]
[SourceVersion "1"]
[SourceVersionDate "2011.11.24"]
[SourceQuality "1"]

1. d4 Nf6 2. Nf3 g6 3. c4 Bg7 4. Nc3 d5 5. cxd5 Nxd5 6. e4 Nxc3 7. bxc3 c5 8. Rb1 0-0 9. Be2 cxd4 10. cxd4 Nc6 11. Be3 Qa5+ 12. Qd2 Qxd2+ 13. Kxd2 Rd8 14. Kc3 b6 15. Rhd1 Bg4 16. Ba6 Rd7 17. Rd3 Rad8 18. Rbd1 Bxf3 19. gxf3 Rc7 20. Kb3 Nb8 21. Bb5 a6 22. Bf4 Ra7 23. Bxb8 Rxb8 1/2-1/2